Sports Quiz

Random Sports or Football Quiz

Worst Football Teams January 2016 Quiz Stats

 Plays Quiz not verified by Sporcle

Challenge
Share
Tweet
Embed
Score 0/20 Timer 05:00
0 Plays Today
Hint Answer % Correct
198San Marino
86%
192Bhutan
70%
202Andorra
68%
204Tonga
68%
193Vanuatu
64%
200Solomon Islands
56%
204Djibouti
50%
204Somalia
48%
190Seychelles
46%
196Nepal
44%
Hint Answer % Correct
203Papua New Guinea
44%
201Mongolia
40%
204Eritrea
40%
204Bahamas
38%
191Tahiti
34%
194Macau
34%
204Anguilla
30%
199British Virgin Islands
28%
195Cayman Islands
26%
197Turks and Caicos Islands
26%

You're not logged in!

Compare scores with friends on all Sporcle quizzes.
OR
Log In

You Might Also Like...

Show Comments

Extras

Top Quizzes Today


Score Distribution

Your Account Isn't Verified!

In order to create a playlist on Sporcle, you need to verify the email address you used during registration. Go to your Sporcle Settings to finish the process.

Report this User

Report this user for behavior that violates our Community Guidelines.

Details: